|
|
|
|
| LEADER |
01433nam a2200277 a 4500 |
| 001 |
GR-MES3331 |
| 008 |
991111s1991 gr 000 0 gre d |
| 020 |
|
|
|a 9602201215
|
| 040 |
|
|
|a GrPaTEI
|b gre
|c GR-PaULI
|
| 245 |
0 |
0 |
|a Μικροί καρποί
|n 1ος .
|p Μπλούμπερρυ.Ράσμπερρυ.Μπλάκμπερρυ.Ριβήσια.Φραγκοστάφυλα.Ελντερμπέρρυ.
|
| 260 |
|
|
|a Αθήνα :
|b Κ.Πλέτσας,
|c 1991
|
| 300 |
|
|
|a 254σελ. :
|b πιν.,φωτ.,εικ,.σχεδ.
|
| 500 |
|
|
|a Περιέχει βιβλιογραφία και παραρτήματα
|
| 650 |
|
4 |
|a Ελντέρμπερρυ
|
| 650 |
|
4 |
|a Μπλάκμπερρυ
|
| 650 |
|
4 |
|a Μπλούμπερρυ
|
| 650 |
|
4 |
|a Ράσμπερρυ
|
| 650 |
|
4 |
|a Ριβήσια
|
| 650 |
|
4 |
|a Φραγκοστάφυλλα
|
| 700 |
1 |
|
|a Δεκάζος, Η.
|
| 710 |
0 |
|
|a Κ.Πλέτσας
|
| 942 |
|
|
|2 ddc
|
| 952 |
|
|
|0 0
|1 0
|2 ddc
|4 0
|6 634_700000000000000_ΔΕΚ
|7 0
|9 267911
|a MSLG
|b MSLG
|c BSC
|d 2021-01-17
|e 24
|f 0
|g 0.00
|l 0
|o 634.7 ΔΕΚ
|p 2420000018045
|r 2021-01-17 00:00:00
|t 1
|v 2021.00
|w 2021-01-17
|y BK15
|x Μεταφορά από Αμαλιάδα (18/10/22)
|x GrPaTEI
|
| 952 |
|
|
|0 0
|1 0
|2 ddc
|4 0
|6 634_700000000000000_ΔΕΚ
|7 0
|9 267912
|a MSLG
|b MSLG
|c BSC
|d 2021-01-17
|e 24
|f 0
|g 0.00
|l 1
|o 634.7 ΔΕΚ
|p 2420000004168
|r 2024-03-12 00:00:00
|s 2024-03-06
|t 1
|w 2021-01-17
|y BK15
|x 19991111 0 1
|x GrPaTEI
|
| 971 |
|
|
|a .b25743764
|b 16-04-20
|c 13-09-16
|
| 999 |
|
|
|c 154275
|d 154275
|